Könyvek az NDK-ból Kiállítás nyílt a Bartók Művelődési Központban /

Elmentve itt :
Bibliográfiai részletek
Szerzők: Honti Katalin
Somogyi Károlyné
Dokumentumtípus: Cikk
Megjelent: 1977-03-23
Sorozat:Délmagyarország 67 No. 69
Kulcsszavak:Bartók Béla Művelődési Központ, kiállítások
Online Access:http://dmarchiv.bibl.u-szeged.hu/114900
LEADER 00576nab a2200169 i 4500
001 delm114900
005 20190529134043.0
008 190529s1977 hu o 0|| hun d
040 |a SZTE Délmagyarország Archívum  |b hun 
041 |a hun 
100 1 |a Honti Katalin 
245 1 0 |a Könyvek az NDK-ból   |h [elektronikus dokumentum] :  |b Kiállítás nyílt a Bartók Művelődési Központban /  |c  Honti Katalin 
260 |c 1977-03-23 
300 |a 5 
490 0 |a Délmagyarország  |v 67 No. 69 
695 |a Bartók Béla Művelődési Központ, kiállítások 
700 0 1 |a Somogyi Károlyné  |e aut